<?xml version="1.0" encoding="UTF-8"?><?xml-stylesheet type="text/xsl" href="static/style.xsl"?><OAI-PMH xmlns="http://www.openarchives.org/OAI/2.0/" xmlns:xsi="http://www.w3.org/2001/XMLSchema-instance" xsi:schemaLocation="http://www.openarchives.org/OAI/2.0/ http://www.openarchives.org/OAI/2.0/OAI-PMH.xsd"><responseDate>2026-04-14T02:20:32Z</responseDate><request verb="GetRecord" identifier="oai:www.recercat.cat:10459.1/66819" metadataPrefix="marc">https://recercat.cat/oai/request</request><GetRecord><record><header><identifier>oai:recercat.cat:10459.1/66819</identifier><datestamp>2024-12-05T22:51:21Z</datestamp><setSpec>com_2072_3622</setSpec><setSpec>col_2072_479130</setSpec></header><metadata><record xmlns="http://www.loc.gov/MARC21/slim" xmlns:dcterms="http://purl.org/dc/terms/" xmlns:xsi="http://www.w3.org/2001/XMLSchema-instance" xmlns:doc="http://www.lyncode.com/xoai" xsi:schemaLocation="http://www.loc.gov/MARC21/slim http://www.loc.gov/standards/marcxml/schema/MARC21slim.xsd">
   <leader>00925njm 22002777a 4500</leader>
   <datafield ind2=" " ind1=" " tag="042">
      <subfield code="a">dc</subfield>
   </datafield>
   <datafield ind2=" " ind1=" " tag="720">
      <subfield code="a">Cassanyes Roig, Albert</subfield>
      <subfield code="e">author</subfield>
   </datafield>
   <datafield ind2=" " ind1=" " tag="260">
      <subfield code="c">2019-10-23T15:34:31Z</subfield>
   </datafield>
   <datafield ind2=" " ind1=" " tag="260">
      <subfield code="c">2019-10-23T15:34:31Z</subfield>
   </datafield>
   <datafield ind2=" " ind1=" " tag="260">
      <subfield code="c">2019</subfield>
   </datafield>
   <datafield ind2=" " ind1=" " tag="520">
      <subfield code="a">El presente artículo es un primer estudio del rol de la Iglesia en la redención de  los cautivos cristianos que se hallaban bajo el yugo de los musulmanes. La tarea  de las órdenes redentoristas —trinitarios y mercedarios— en este ámbito fue muy  significativa. Menos conocida es la intervención de la catedral, a veces junto a las  autoridades municipales. En ambos casos, las limosnas constituían la principal &#xd;
fuente de ingresos, de modo que el rescate era posible gracias a la caridad de los  vecinos. El artículo se centra en el ejemplo de la diócesis de Mallorca, un territorio  abocado al mar, cuyos habitantes eran frecuentemente capturados. A partir de  una serie de registros de subsidios de mediados del siglo xv, se pueden conocer  algunos rasgos de los cautivos, la vulnerabilidad en la que quedaban sus familias &#xd;
y el comportamiento de los responsables de la distribución de las limosnas entre  las personas a rescatar.</subfield>
   </datafield>
   <datafield ind2=" " ind1=" " tag="520">
      <subfield code="a">This paper analyses the role of the Church in the ransom of Christian captives  who fell under Muslim control.  The role of the ransoming orders—Trinitarians  and Mercedarians—in the ransoming process was highly significant.  Less known  is the intervention of the cathedral chapter, often working side by side with the  municipal authorities.  In both cases, alms were the most important source of  income; the charity of their neighbors made a captive’s ransom possible.  This  paper focuses on the example of the Diocese of Majorca, a territory exposed  to the sea, whose inhabitants were frequently captured.  Based on some mid-fifteenth century registers of subsidies it is possible to know some of the individual &#xd;
characteristics of the captives, the vulnerability of their families, and the behavior  of the responsible persons who distributed the charitable money among the captives and their families.</subfield>
   </datafield>
   <datafield ind2=" " ind1=" " tag="520">
      <subfield code="a">El presente artículo se enmarca en el proyecto «Expresividad, sentimiento y emoción (siglos xii-xv)» (HAR2016- 75028-P), financiado por el Ministerio de Economía y Competitividad.</subfield>
   </datafield>
   <datafield ind1="8" ind2=" " tag="024">
      <subfield code="a">http://hdl.handle.net/10459.1/66819</subfield>
   </datafield>
   <datafield tag="653" ind2=" " ind1=" ">
      <subfield code="a">Cautivos</subfield>
   </datafield>
   <datafield tag="653" ind2=" " ind1=" ">
      <subfield code="a">Limosnas</subfield>
   </datafield>
   <datafield tag="653" ind2=" " ind1=" ">
      <subfield code="a">Mar Mediterráneo</subfield>
   </datafield>
   <datafield tag="653" ind2=" " ind1=" ">
      <subfield code="a">Órdenes redentoristas</subfield>
   </datafield>
   <datafield tag="653" ind2=" " ind1=" ">
      <subfield code="a">Redención de  cautivos</subfield>
   </datafield>
   <datafield tag="653" ind2=" " ind1=" ">
      <subfield code="a">Captives</subfield>
   </datafield>
   <datafield tag="653" ind2=" " ind1=" ">
      <subfield code="a">Alms</subfield>
   </datafield>
   <datafield tag="653" ind2=" " ind1=" ">
      <subfield code="a">Mediterranean Sea</subfield>
   </datafield>
   <datafield tag="653" ind2=" " ind1=" ">
      <subfield code="a">Ransoming Orders</subfield>
   </datafield>
   <datafield tag="653" ind2=" " ind1=" ">
      <subfield code="a">Captives’ Ransom</subfield>
   </datafield>
   <datafield ind2="0" ind1="0" tag="245">
      <subfield code="a">La Iglesia de Mallorca y la redención de cautivos en la Baja Edad Media</subfield>
   </datafield>
   <datafield ind2="0" ind1="0" tag="245">
      <subfield code="a">The Church of Majorca and the Ransom of Captives during the Late Middle Ages</subfield>
   </datafield>
</record></metadata></record></GetRecord></OAI-PMH>